000
00273nam a2200109Ia 4500
008
200302s9999 xx 000 0 und d
100
_a
Anthony Sully
245
_a
Interior Design - Theory And Process
260
_b
A &C Black Publishers
260
_c
2012
300
_a
216 P.,
999
_c
4284
_d
4284